000
00324nam a2200133Ia 4500
008
240624s9999 xx 000 0 und d
041
_a
eng
082
_a
920 KAK
100
_a
KAKAR SUDHIR
245
_a
MIRA AND THE MAHATMA
260
_c
2006
_a
New Delhi
_b
Penguin Books India
300
_a
267 : p. : cm. ; 19
365
_c
RS
999
_c
4253
_d
4253